|
|
|
|
| LEADER |
01289nam a2200265 i 4500 |
| 003 |
GR-PaULI |
| 005 |
20210117211138.0 |
| 008 |
200901s2004 f b||| 001 0 ger d |
| 952 |
|
|
|0 0
|1 0
|2 ddc
|4 0
|6 WOLF_190_090000000000000_32_BIL
|7 0
|9 242986
|a PHIL
|b PHIL
|d 2020-09-02
|i 6595
|l 0
|o WOLF 190.090 32 BIL
|p 025000136479
|r 2020-09-02 00:00:00
|t 1
|v 2020.00
|w 2020-09-02
|y BK15
|
| 999 |
|
|
|c 146611
|d 146611
|
| 020 |
|
|
|a 3487125889
|
| 040 |
|
|
|a GR-PaULI
|c GR-PaULI
|b gre
|e AACR2
|
| 041 |
0 |
|
|a ger
|
| 082 |
0 |
4 |
|a 190.090 32
|2 23
|
| 100 |
1 |
|
|9 182678
|a Biller, Gerhard.
|e συγγραφέας.
|
| 245 |
1 |
0 |
|a Wolff nach Kant :
|b eine Bibliographie /
|c herausgegeben von Gerhard Biller ; mit einem Vorwort von Jean Ecole.
|
| 260 |
|
|
|a Hildesheim ;
|a New York :
|b G. Olms,
|c 2004.
|
| 300 |
|
|
|a 251 σ. ;
|c 22 εκ.
|
| 490 |
0 |
|
|a Gesammelte Werke, Materialien und Dokumente / Christian Wolff ;
|v 3. Abt., Bd. 87.
|
| 500 |
|
|
|a Περιλαμβάνει ευρετήριο.
|
| 600 |
|
0 |
|9 182676
|a Wolff, Christian,
|c Freiherr von,
|d 1679-1754.
|v Βιβλιογραφίες.
|
| 650 |
|
4 |
|9 182677
|a Φιλοσοφία, Γερμανική
|y 17ος αιώνας
|v Βιβλιογραφίες.
|
| 700 |
1 |
|
|9 168534
|a Ecole, Jean.
|e συγγραφέας προλόγου
|
| 942 |
|
|
|2 ddc
|c BK15
|
| 998 |
|
|
|c ΚΑΝΕΛΛΟΠΟΥΛΟΥ
|d 2020-09
|